000
00316 a2200109 4500
999
_c
10704
_d
10704
008
220527b ||||| |||| 00| 0 eng d
020
_a
9788192625478
100
_a
Satish Khanna
245
_a
Monographic series: Landscape architecture in India
260
_b
LA journal of Landscape Architecture
_c
2020
942
_2
ddc